Dutch Prime Ministers - Statistics

General Stats
  • This quiz has been taken 441 times
    303 since last reset
  • The average score is 13 of 51
Answer Stats
Terms in Office Name % Correct
2010 - 2024 Mark Rutte
99%
2024 - present Dick Schoof
96%
2002 - 2010 Jan Peter Balkenende
90%
1994 - 2002 Wim Kok
80%
1982 - 1994 Ruud Lubbers
73%
1973 - 1977 Joop den Uyl
67%
1977 - 1982 Dries van Agt
64%
1948 - 1958 Willem Drees
61%
1849 - 1853 Johan Rudolph Thorbecke
54%
1862 - 1866 Johan Rudolph Thorbecke
54%
1871 - 1872 Johan Rudolph Thorbecke
54%
1967 - 1971 Piet de Jong
36%
1925 - 1926 Hendrikus Colijn
32%
1933 - 1939 Hendrikus Colijn
32%
1971 - 1973 Barend Biesheuvel
30%
1940 - 1945 Pieter Sjoerds Gerbrandy
25%
1848 Gerrit Schimmelpenninck
22%
1959 - 1963 Jan de Quay
21%
1966 - 1967 Jelle Zijlstra
21%
1965 - 1966 Jo Cals
21%
1946 - 1948 Louis Beel
21%
1958 - 1959 Louis Beel
21%
1901 - 1905 Abraham Kuyper
18%
1963 - 1965 Victor Marijnen
18%
1926 - 1929 Dirk Jan de Geer
17%
1939 - 1940 Dirk Jan de Geer
17%
1945 - 1946 Willem Schermerhorn
16%
1918 - 1925 Charles Ruijs de Beerenbrouck
13%
1929 - 1933 Charles Ruijs de Beerenbrouck
13%
1905 - 1908 Theo de Meester
12%
1913 - 1918 Pieter Cort van der Linden
11%
1872 - 1874 Gerrit de Vries
10%
1874 - 1877 Jan Heemskerk
8%
1883 - 1888 Jan Heemskerk
8%
1908 - 1913 Theo Heemskerk
8%
1888 - 1891 Aeneas Mackay
7%
1853 - 1856 Floris Adriaan van Hall
7%
1860 - 1861 Floris Adriaan van Hall
7%
1848 - 1849 Jacob de Kempenaer
7%
1897 - 1901 Nicolaas Pierson
7%
1891 - 1894 Gijsbert van Tienhoven
6%
1868 - 1871 Pieter Philip van Bosse
6%
1866 Isaac Dignus Fransen van de Putte
5%
1861 Jacob van Zuylen van Nijevelt
5%
1858 - 1860 Jan Jacob Rochussen
5%
1866 - 1868 Julius van Zuylen van Nijevelt
5%
1879 - 1883 Theo van Lynden van Sandenburg
5%
1877 - 1879 Jan Kappeyne van de Coppello
4%
1861 - 1862 Schelto van Heemstra
4%
1894 - 1897 Joan Roell
3%
1856 - 1858 Justinus van der Brugghen
3%
No matching quizzes found
Score Distribution
Percent of People with Each Score
Percentile by Number Answered
Your Score History
You have not taken this quiz since the last reset